LIBRARY & INFORMATION CENTRE, KCAET, TAVANUR

ONLINE PUBLIC ACCESS CATALOGUE (OPAC)

Development of process protocol for Garcinia Cambogia powder (Record no. 15047)

MARC details
000 -LEADER
fixed length control field 00655nam a22001817a 4500
003 - CONTROL NUMBER IDENTIFIER
control field OSt
088 ## - REPORT NUMBER
Report number T 253
100 ## - MAIN ENTRY--AUTHOR NAME
Personal name SUNITHA C. P
245 ## - TITLE STATEMENT
Title Development of process protocol for Garcinia Cambogia powder
260 ## - PUBLICATION, DISTRIBUTION, ETC. (IMPRINT)
Place of publication Tavanur 2012
Name of publisher Kelappaji College of Agricultural Engineering and Technology
300 ## - PHYSICAL DESCRIPTION
Number of Pages 160
500 ## - GENERAL NOTE
General note Development of process protocol for Garcinia Cambogia powder
520 ## - SUMMARY, ETC.
Summary, etc Development of process protocol for Garcinia Cambogia powder
700 ## - ADDED ENTRY--PERSONAL NAME
Personal name Dr. Santhi Mary Mathew (Guide)
856 ## - ELECTRONIC LOCATION AND ACCESS
Uniform Resource Identifier https://drive.google.com/open?id=1DohIeFw3SnuI9OIw1G1nuK6FhCE5gpBf
942 ## - ADDED ENTRY ELEMENTS (KOHA)
Koha item type Theses
Holdings
Collection code Home library Current library Shelving location Full call number Accession Number Koha item type Public note
Reference KAUAET KAUAET Reference 631.56 SUN/DE T 253 Theses M.Tech Thesis
free website counter